Geografia Portugalii, Hiszpanii i Andory od A do Z - Statystyki

Ogólne statystyki
  • Ten quiz został rozwiązany 33 razy
  • Średni wynik to 15 z 24
Statystyki odpowiedzi
Litera Pytanie Odpowiedź % Poprawnych
A Jaką nazwę nosi ocean do którego ma dostęp Hiszpania i Portugalia? Atlantycki
100%
E Jaką nazwę nosi waluta obowiązująca zarówno w Portugalii, Hiszpanii jak i Andorze? Euro
93%
I Jaką nazwę nosi półwysep na którym znajduje się Portugalia i Hiszpania? Iberyjski
86%
L Które miasto jest stolicą Portugalii? Lizbona
86%
G Jaką nazwę nosi terytorium zależne Wielkiej Brytanii z którym na południu graniczy Hiszpania? Gibraltar
82%
N w 1882 roku Brazylia ogłosiła swoją {....} od Portugalii. Niepodległość
82%
F Nazwa którego azjatyckiego kraju pochodzi od imienia hiszpańskiego króla? Filipiny
75%
C Jak po hiszpańsku nazywa się tradycyjna walka z bykiem, popularne w tym kraju? Corrida
68%
K Jaki język obowiązuje jako urzędowy w Andorze? Kataloński
68%
S Jaką nazwę nosi secesyjny kościół w Barcelonie, której budowa ma się skończyć 2025 przeszło 144 lata od wmurowania kamienia węgielnego? Sagrada Família
68%
Ś Jakie morze opływa południowe i południowo-wschodnie wybrzeże Hiszpanii? Śródziemne
68%
B Jaką nazwę nosi grupa etniczna zamieszkująca północno-wschodnie pogranicze Hiszpanii i Francji? Baskowie
64%
U Torre de Belém charakterystyczna militarna budowla stojąca w Lizbonie, w roku 1983 została wpisana na listę dziedzictwa historycznego której organizacji? UNESCO
64%
O Hiszpania i Portugalia jest domem przeszło 426 gatunków ptaków. Jaką nazwę nosi dział zoologii zajmujący się tymi stworzeniami? Ornitologia
57%
W Jaką nazwę nosi miasto na wschodnim wybrzeżu Hiszpanii którym do swojej śmierci władał hiszpański bohater czasów rekonkwisty El Cid? Walencja
57%
H Z którym mitycznym herosem należy kojarzyć dawną nazwę skały Gibraltarskiej? Herakles
54%
M Jaki kraj w 1821 roku ogłosił swoją niepodległość od Hiszpanii? Meksyk
50%
J Imię którego świętego nosi zbudowany przez Maurów, lizboński zamek? Jerzy
46%
Z Jaką nazwę nosi akwen wodny pomiędzy Hiszpanią i Francją? Zatoka biskajska
46%
T Jaką nazwę nosi najdłuższa rzeka półwyspu Iberyjskiego przepływająca zarówno przez Hiszpanię jak i Portugalię? Tag
43%
D Jaką nazwę nosi rzeka stanowiąca naturalną granicę północno-zachodnie Hiszpanii z Portugalia? Duero
32%
P Od jakiego zwierzęcia pochodzi nazwa hiszpańskich Wysp Kanaryjskich? Pies
32%
R Jaką nazwą określa się wojskowy zamach stanu w Portugalii w 1974 roku, który doprowadził do obalenia dyktatury Marcela Caetana? Rewolucja goździków
25%
V Jaką nazwę nosi rzeka przepływająca przez stolicę Andory? Valira
4%
Nie znaleziono quizów pasujących do podanych kryteriów
Rozkład punktacji
Procent ludzi z każdym wynikiem
Percentyl według liczby udzielonych odpowiedzi
Twoja historia wyników
Nie rozwiązałeś tego quizu